000 00635cam a2200217 a 4500
001 000007665
005 20200929154243.0
008 920702s1992 sp 000 0 spa
020 _a8439718071
040 _aDO-SdBNP
_cDLC
082 _a863.6
_bC318k
100 1 _aCarrión, Ignacio,
_d1983-
_921245
245 1 0 _aKlaus ha vuelto /
_cIgnacio Carrión.
260 _aMadrid :
_bMondadori España,
_c1992.
300 _a155 p. ;
_c20 cm.
490 1 _aNarrativa Mondadori
650 4 _aNovela española
_91123
650 4 _aLiteratura española
_9632
830 0 _aNarrativa Mondadori
_921246
910 _aCatalogación por copia / LC
999 _c7445
_d7445